Maʻamadam ha-ḥuḳi shel ha-Yehudim be-Eropah : (Record no. 33554)

MARC details
000 -LEADER
fixed length control field 01028cam a22002771 4500
001 - CONTROL NUMBER
control field he 68002317
003 - CONTROL NUMBER IDENTIFIER
control field DLC
005 - DATE AND TIME OF LATEST TRANSACTION
control field 20260227111501.0
008 - FIXED-LENGTH DATA ELEMENTS--GENERAL INFORMATION
fixed length control field 840119s1966 is 000 0 heb
010 ## - LIBRARY OF CONGRESS CONTROL NUMBER
LC control number he 68002317
035 ## - SYSTEM CONTROL NUMBER
System control number (OCoLC)19154324
040 ## - CATALOGING SOURCE
Original cataloging agency DLC
Transcribing agency MH
Modifying agency CU
-- DLC
042 ## - AUTHENTICATION CODE
Authentication code premarc
043 ## - GEOGRAPHIC AREA CODE
Geographic area code e------
050 00 - LIBRARY OF CONGRESS CALL NUMBER
Classification number DS135.E8
Item number E8
245 00 - TITLE STATEMENT
Title Maʻamadam ha-ḥuḳi shel ha-Yehudim be-Eropah :
Remainder of title me-emtsaʻ ha-meʼah ha-shemoneh-ʻeśreh ʻad shenot ha-shivʻim shel ha-meʼah ha-teshaʻ-ʻeśreh : meḳorot.
260 ## - PUBLICATION, DISTRIBUTION, ETC.
Place of publication, distribution, etc. Jerusalem :
Name of publisher, distributor, etc. ha-Universitah ha-ʻIvrit, ha-Faḳultah le-madaʻe ha-ruaḥ, ha-Ḥug la-hisṭoryah shel ʻam Yiśraʼel,
Date of publication, distribution, etc. [1966]
300 ## - PHYSICAL DESCRIPTION
Extent 75 p. ;
Dimensions 27 cm.
500 ## - GENERAL NOTE
General note Documents in English, French, or German with Hebrew translation.
650 #0 - SUBJECT ADDED ENTRY--TOPICAL TERM
Topical term or geographic name entry element Jews
General subdivision History
Chronological subdivision 1789-
650 #0 - SUBJECT ADDED ENTRY--TOPICAL TERM
Topical term or geographic name entry element Jews
General subdivision Politics and government.
650 #0 - SUBJECT ADDED ENTRY--TOPICAL TERM
Topical term or geographic name entry element Jews
General subdivision Legal status, laws, etc.
Geographic subdivision Europe.
650 #0 - SUBJECT ADDED ENTRY--TOPICAL TERM
Topical term or geographic name entry element Jews
Geographic subdivision Europe.
700 1# - ADDED ENTRY--PERSONAL NAME
Personal name Ettinger, Samuel.
752 ## - ADDED ENTRY--HIERARCHICAL PLACE NAME
Country or larger entity Israel
City Jerusalem

No items available.

Powered by Koha